000 00521nam a2200205Ia 4500
005 20250923145248.0
008 008 250917s9999 xx 000 0 eng d
037 _aPeriodicals
040 _aDSWL
_beng
_cDSWL
041 _aeng
_2eng
084 _qDSWL
245 0 _aLibrary SC. With a slant to documentation
_cby Delhi School of Social Work
260 _aBangalore
_bDRTC
_c1968
300 _axxi,388p.
365 _aINR
_b20
490 _vVol.5
925 _g20
942 _cCR
999 _c1449158
_d1449158